Optimalizácia procesu na plničke autocisterien v spoločnosti Slovnaft, a.s. diplomová práca

Salvato in:
Dettagli Bibliografici
Autore principale: Hovančák, Michal
Ente Autore: Fakulta podnikového manažmentu EU. Katedra manažmentu výroby a logistiky - zrušená
Altri autori: Stern, Juraj
Natura: Libro
Lingua:slovacco
Pubblicazione: Bratislava 2009
Tags: Aggiungi Tag
Nessun Tag, puoi essere il primo ad aggiungerne!!

MARC

LEADER 00000nam$a2200000$$$4500
001 0102385
005 20240320075243.6
041 0 |a slo 
044 |a SK 
245 1 0 |a Optimalizácia procesu na plničke autocisterien v spoločnosti Slovnaft, a.s.  |b diplomová práca  |c Michal Hovančák ; škol. Juraj Stern 
264 1 |a Bratislava  |c 2009 
300 |a 73 s. 
100 1 |a Hovančák, Michal 
700 1 |a Stern, Juraj 
710 2 |a Fakulta podnikového manažmentu EU. Katedra manažmentu výroby a logistiky - zrušená